Apuntes para la historia de la Universidad de Guadalajara /

Obra que narra la trayectoria de la Universidad de Guadalajara a lo largo de sus más de doscientos años de vida. El autor interpreta el contexto social, económico y político de cada una de las épocas que marcaron a la universidad, y analiza el trabajo legislativo de las distintas esferas del gobiern...

Descripción completa

Guardado en:
Detalles Bibliográficos
Otros autores: Ruiz Moreno, Carlos Ramiro (autor) (autor)
Formato: Libro
Idioma:Español
Publicado: Guadalajara, México : Universidad de Guadalajara, 2001, c2001
Edición:2a edición
Temas:
Etiquetas: Agrega una etiqueta
Sin etiquetas, Sé el primero en etiquetar este registro!

MARC

LEADER 00000nam^a2200000^a^4500
001 000135023
005 20250521000000.0
009 20260310095229.241
020 |a 970-27-0092-2 
037 |a Acervo ITESO - Biblioteca 
041 |a ESP 
082 |a 378. 72352  |b UNI UdeG-his 
245 1 0 |a Apuntes para la historia de la Universidad de Guadalajara /  |c C.R. Ruiz Moreno ; presen. Guillermo A. Gómez Reyes. 
250 |a 2a edición 
264 4 |a Guadalajara, México :  |b Universidad de Guadalajara,  |c 2001, c2001 
300 |a 213 p. 
336 |a texto  |b txt  |2 rdacontenido 
337 |a sin mediación  |b n  |2 rdamedio 
338 |a volumen  |b nc  |2 rdasoporte 
520 |a Obra que narra la trayectoria de la Universidad de Guadalajara a lo largo de sus más de doscientos años de vida. El autor interpreta el contexto social, económico y político de cada una de las épocas que marcaron a la universidad, y analiza el trabajo legislativo de las distintas esferas del gobierno, en tanto crearon, reformaron y adicionaron la normatividad universitaria. 
649 |a XX 
650 |a Universidad de Guadalajara -  |x Leyes y Reglamentos 
650 |a Universidad de Guadalajara -  |x Historia 
650 |a Universidades Públicas -  |z Guadalajara, Jalisco -  |x Historia 
650 |a Universidades Públicas -  |z México -  |x Historia 
650 |a Universidades -  |z Guadalajara, Jalisco -  |x Historia 
650 |a Universidades -  |z México -  |x Historia 
650 |a Educación Superior -  |z Guadalajara, Jalisco -  |x Historia 
650 |a Educación Superior -  |z México -  |x Historia 
700 |a Ruiz Moreno, Carlos Ramiro  |e (autor) 
910 |a Fondo General 
920 |a Impresos - Libros 
930 |a Colección General 
905 |a 101 
901 |a 0500064024  |b IT1  |c ACC  |u 20250521 
902 |a https://opac.biblio.iteso.mx/vufind/Record/000135023